000 03734nab a22007577 4500
003 AR-RoUNA
022 _a0327-9022
040 _aAR-RoUNA
_bspa
041 _aspa
044 _aag
245 _aSumma+ /
_b20 AÑOS - Domesticidad - Monumentalidad - Informalismo
260 _aBuenos Aires ,
_c1993
300 _a160 p. :
_bil. byn.
_bplanos
_c34 X25 cm.
505 0 _tINDICE
505 0 _aMarta Magis / Palabras de la directora. p. 4
505 0 _aCarlos Eduardo Comas / Una domesticidad en retrospectiva 1993-2013. p. 12
505 0 _tDOMESTICIDAD
505 0 _tDE LA CIUDAD A LA SELVA
505 0 _aClusellas - O´Connor / Casa NK, Palermo, CABA, 2011. p. 26
505 0 _tOTRO PAISAJE
505 0 _aForte, Gimenes & Marcondes Ferraz arqs. / Casa Grelha, San Pablo, Brasil, 2007. p. 33
505 0 _tMODULANDO LA FLEXIBILIDAD
505 0 _aH Arq. - Dataae / 57 Viviendas universitarias en el campus de la Etsav (UPC), Barcelona, 2011. p. 39
505 0 _tLA INTIMIDAD COSMOPOLITA
505 0 _aTen arq. - Enrique Norten / Hotel Americano, Nueva York, EEUU, 2010. p. 43
505 0 _tEN LA REPETICIÓN, LA DIFERENCIA
505 0 _aCMS arqs. / Edificio SL 2401, Rosario, 2012. p. 47
505 0 _aRoberto Fernández / Monumentos necesarios. p. 50
505 0 _tMONUMENTALIDAD
505 0 _tEL VOLUMEN DE LO SAGRADO
505 0 _aGustavo Penna / Capilla de todos los santos, Minas Gerais, 2010. p. 67
505 0 _tDISCRETOS CONTRASTES
505 0 _aG Ateliers / Centro Cultural Parque Biblioteca Fernando Botero, Medellín, Colombia, 2011. p. 70
505 0 _tCOMO LA LEJANÍA, COMO EL TIEMPO, COMO EL MAR
505 0 _aBernardes + Jacobsen arq. / MAR - Museu de arte do Rio, Río de Janeiro, Brasil, 2013. p. 76
505 0 _tUNA VENTANA PARA MANHATTAN
505 0 _aRenzo Piano Building Worksho - Fxfdwle arq, P.C (Nueva York) / Edificio del New Yorks Times, 2007. p. 81
505 0 _tEL ANILLO DE ORO
505 0 _aAdjaye Associates / Escuela de Negocios, Skolkovo, Moscú, 2010. p. 87
505 0 _aFernando Diez y Martín Di Peco / La forma del informalismo. p. 90
505 0 _tINFORMALISMO
505 0 _tRESPIRAR ESPACIO
505 0 _aJosé Cruz Ovalle y asoc. / Campus Universidad Adolfo Ibañez U.A.I, Viña del Mar, Chile, 2011. p. 106
505 0 _tEVENTO GEOGRÁFICO Y SOCIAL
505 0 _aCarla Juaçaba / Pabellón Humanidad 2012, Rio de Janeiro, Brasil, 2012. p. 112
505 0 _tEL QUE BUSCA ENCUENTRA
505 0 _aAl Borde / Ladrillos, bloques y otros elementos abandonados y parches, Ecuador, 2012. p. 118
505 0 _tEN LA FRONTERA DE LOS SENTIDOS
505 0 _aBertolino - Barrado / Pabellones de servicios, quinchos y asadores, Capilla del Monte, Córdoba, 2008. p. 124
505 0 _tILUMINADOS PPOR EL DISEÑO
505 0 _aTYIN Tegnestue Arch. / Faro Comunal Klong Toey, Tailandia, 2011. p. 128
505 0 _tCON VIENTO Y TIERRA
505 0 _aArcó - Archt. e Coop. / Escuela Abu Hindi, Área de Al Azarije, al este de Jerusalén, 2010. p. 130
505 0 _tASTUCIAS VARIOPINTAS
505 0 _aZoohaus, Zuldark, Pei & otros / Inteligencias colectivas Palomino, Sociedad en construcción, La Guajira, Colombia, 2010. p. 132
505 0 _tOPINIONES
505 0 _tPERFILES
505 0 _tAlfonso Corona Martínez / De la fachada a la piel: otra mirada sobre el Siglo XX. p. 154
505 0 _aPablo Güiraldes / Debates abiertos, nuevos y viejos foros. p. 156
650 _aArquitectura contemporánea
773 0 _aSumma+
_dBuenos Aires, Argentina
_gNº130 (jul-2013), p. 160
_x0327-9022
908 _aImp
942 _2udc
_cART
945 _aMBP
_d2022-07-08
980 _8138
_gCarolina Rainero
_6138
_aCarolina Rainero
999 _c12276
_d12276